header

Self managed learning in action (Record no. 65733)

MARC details
000 -LEADER
fixed length control field 01376nam a2200349 a 4500
082 04 - DEWEY DECIMAL CLASSIFICATION NUMBER
Classification number 658.4/06
245 00 - TITLE STATEMENT
Title Self managed learning in action
260 ## - PUBLICATION, DISTRIBUTION, ETC. (IMPRINT)
Place of publication Aldershot, Hampshire, England ;
-- Burlington, Vt., USA :
Name of publisher Gower,
Year of publication c2000.
300 ## - PHYSICAL DESCRIPTION
Number of Pages ix, 273 p. :
Other physical details ill.
650 #0 - SUBJECT ADDED ENTRY--TOPICAL TERM
Topical Term Organizational change
Topical Term Organizational learning.
700 1# - ADDED ENTRY--PERSONAL NAME
Personal name Bennett, Ben.
Personal name Cunningham, Ian,
Personal name Dawes, Graham.
856 40 - ELECTRONIC LOCATION AND ACCESS
Uniform Resource Identifier http://site.ebrary.com/lib/rucke/Doc?id=10053577

No items available.

© 2026 Rongo University
Contact us: librarian | system librarian | Rongo university